[Event "Lagos South West op"]
[Site "Lagos"]
[Date "2023.07.12"]
[Round "1"]
[White "Cole, Michael Christopher"]
[Black "Okemakinde, Toluwanimi"]
[Result "1-0"]
[WhiteElo "1821"]
[BlackElo "2203"]
[PlyCount "81"]
[EventDate "2023.07.12"]
[EventType "swiss"]
[EventRounds "9"]
[EventCountry "NGR"]
[SourceTitle "CBM 215 Extra"]
[Source "ChessBase"]
[SourceDate "2023.09.30"]
[SourceVersion "1"]
[SourceVersionDate "2023.09.30"]
[SourceQuality "1"]

1. e4 e5 2. d4 exd4 3. c3 d5 4. Qxd4 dxe4 5. Bb5+ c6 6. Qxe4+ Be7 7. Ba4 Nf6 8. Qe2 0-0 9. Nf3 Re8 10. 0-0 Bf5 11. Rd1 Qc7 12. Bg5 Bc5 13. Qf1 Ne4 14. Bh4 Bg4 15. Bc2 Bxf3 16. gxf3 Qf4 17. Qh3 Nxf2 18. Bxh7+ Kxh7 19. Bxf2+ Kg8 20. Bxc5 Qg5+ 21. Kh1 Qxc5 22. Nd2 Na6 23. Ne4 Qe5 24. Rg1 g6 25. Rg5 Qh8 26. Qd7 Rab8 27. Rag1 Re6 28. Nd6 Qf6 29. Nf5 Kh7 30. Nd4 Rd6 31. Qh3+ Kg8 32. Nf5 Re6 33. Qg3 Rbe8 34. Nh4 Kh7 35. Qh3 Kg8 36. Rf5 Qg7 37. Rfg5 Kf8 38. Nf5 Qf6 39. Qh6+ Kg8 40. Rh5 Re1 41. c4 1-0

[Event "North American Blitz op 30th"]
[Site "ICC INT"]
[Date "2020.12.31"]
[Round "1"]
[White "Okemakinde, Toluwanimi"]
[Black "Andrews, Todd D"]
[Result "0-1"]
[WhiteElo "1889"]
[BlackElo "2244"]
[PlyCount "72"]
[EventDate "2020.12.31"]
[EventType "swiss (blitz)"]
[EventRounds "11"]
[EventCountry "USA"]
[SourceTitle "CBM 200 Extra"]
[Source "ChessBase"]
[SourceDate "2021.03.31"]
[SourceVersion "1"]
[SourceVersionDate "2021.03.31"]
[SourceQuality "1"]

1. e4 e6 2. d4 d5 3. exd5 exd5 4. Bd3 Nc6 5. c3 Bd6 6. h3 Nge7 7. Nf3 Bf5 8. 0-0 Qd7 9. Bg5 f6 10. Bh4 g5 11. Bg3 Bxg3 12. fxg3 0-0-0 13. Na3 Kb8 14. Qc2 Bxd3 15. Qxd3 Rde8 16. Nh2 f5 17. Rae1 h5 18. Nf3 g4 19. Ne5 Nxe5 20. Rxe5 gxh3 21. gxh3 Reg8 22. Kh2 h4 23. Rf3 Ng6 24. Rexf5 hxg3+ 25. Rxg3 Nh4 26. Rfg5 Rxg5 27. Rxg5 Qd6+ 28. Kh1 Qf6 29. Rg1 Nf3 30. Rg3 Ng5 31. Kg2 a6 32. Nc2 Ne4 33. Rf3 Qg5+ 34. Kh2 Rg8 35. Qf1 Qd2+ 36. Kh1 Qxc2 0-1

[Event "North American Blitz op 30th"]
[Site "ICC INT"]
[Date "2020.12.31"]
[Round "8"]
[White "Okemakinde, Toluwanimi"]
[Black "Vidyarthi, Vyom"]
[Result "0-1"]
[WhiteElo "1889"]
[BlackElo "2090"]
[PlyCount "112"]
[EventDate "2020.12.31"]
[EventType "swiss (blitz)"]
[EventRounds "11"]
[EventCountry "USA"]
[SourceTitle "CBM 200 Extra"]
[Source "ChessBase"]
[SourceDate "2021.03.31"]
[SourceVersion "1"]
[SourceVersionDate "2021.03.31"]
[SourceQuality "1"]

1. e4 e5 2. Nf3 Nc6 3. Bc4 Bc5 4. c3 Nf6 5. d3 a6 6. Bb3 d6 7. h3 0-0 8. Nbd2 h6 9. Nf1 Ne7 10. g4 d5 11. Qe2 dxe4 12. dxe4 Ng6 13. Ng3 Nf4 14. Bxf4 exf4 15. Nf5 Bxf5 16. gxf5 Nxe4 17. Qxe4 Re8 18. Ne5 Qf6 19. 0-0-0 Qxe5 20. Qxe5 Rxe5 21. Rd7 Re7 22. Rxe7 Bxe7 23. Rd1 Bd6 24. Kd2 Kf8 25. Ke2 Ke7 26. Kf3 Kf6 27. Bd5 Kxf5 28. Bxb7 Rb8 29. Be4+ Kf6 30. b4 g5 31. Rd5 Rg8 32. Ra5 h5 33. Rxa6 g4+ 34. hxg4 hxg4+ 35. Kg2 f3+ 36. Bxf3 gxf3+ 37. Kxf3 Ke7 38. a4 Rh8 39. Rc6 Ke6 40. Rc4 Be5 41. Ke2 Rh3 42. Kd2 Rf3 43. a5 Rxf2+ 44. Kd3 Ra2 45. Rc6+ Kd7 46. Ra6 f5 47. Ra8 Ra3 48. b5 Rxc3+ 49. Ke2 Rb3 50. Rb8 Ra3 51. a6 f4 52. Rf8 Bd6 53. Rf7+ Ke6 54. Rh7 f3+ 55. Kf1 Bc5 56. Rxc7 Ra1# 0-1